000 00257nam a22001097a 4500
082 _a808 HOO'G
100 _aEKSTRAND, W. F,HOOK, J. N
_960067
245 _aGUIDE TO COMPOSITION
260 _aNEWYORK
_bJ. B. LIPPINCOTT
_c1953
300 _a495P
942 _cBK
999 _c569898
_d569898